| 000 | 00821cab a2200229 4500 | ||
|---|---|---|---|
| 001 | ABS48548 | ||
| 008 | 090401t1993 xxu||||| |||| 00| 0 eng d | ||
| 035 | _a(Sirsi) u67320 | ||
| 041 | _aeng | ||
| 245 | _aSmart buildings make good sense | ||
| 260 | _c1993 | ||
| 350 | _a0 | ||
| 490 |
_aEngineering News Record _v230(20) 17 May 1993, 24-28(4) |
||
| 520 | _aWith high-tech buildings not only lowering operating expenses but also boosting workplace productivity, persuading corporate owners to invest in them is less difficult. There should, however, be a more participatory design process. | ||
| 650 | _aHIGH TECH BUILDINGS | ||
| 650 | _aINTELLIGENT BUILDINGS | ||
| 650 | _aSMART BUILDINGS | ||
| 650 | _aUNITED STATES | ||
| 690 | _aBUILT ENVIRONMENT-CONSTRUCTION DESIGN | ||
| 942 | _n0 | ||
| 948 | _c04/03/1997 | ||
| 999 |
_c42129 _d42129 |
||